| 000 | 01993nam a2200553 i 4500 | ||
|---|---|---|---|
| 001 | 9325 | ||
| 003 | KOSZ 005 | ||
| 005 | 20240405063001.0 | ||
| 008 | 200423s1971 pl a f f 001 0 pol | ||
| 015 | _aUWD 1971/8149 | ||
| 035 | _a991037991769705066 | ||
| 035 | _a(PL-WaBN)b20179522-48omnis_nlop | ||
| 035 | _ab20179522 | ||
| 035 | _a(OCoLC)69479702 | ||
| 035 | _a(PL)b0000002017952 | ||
| 035 | _a(EXLNZ-48OMNIS_NETWORK)9910412726505606 | ||
| 040 |
_aWA N _cWA N _dKOSZ 005/RW |
||
| 041 | 0 |
_apol _aeng _arus |
|
| 045 | 2 |
_bd1945 _bd1989 |
|
| 046 | _k1971 | ||
| 080 | _a339 | ||
| 080 | _a(075.8) | ||
| 100 | 1 |
_aKamecki, Zbigniew _d(1930-1993) _eAutor |
|
| 245 | 1 | 0 |
_aMiędzynarodowe stosunki ekonomiczne : _bzarys teorii i polityki / _cZbigniew Kamecki, Józef Sołdaczuk, Witold Sierpiński. |
| 250 | _aWydanie 2 poprawione i uzupełnione. | ||
| 260 |
_aWarszawa : _bPaństwowe Wydawnictwo Ekonomiczne, _c1971. |
||
| 300 |
_a679, [1] stron : _bwykresy ; _c25 cm. |
||
| 336 |
_aTekst _btxt _2rdacontent |
||
| 337 |
_aBez urządzenia pośredniczącego _bn _2rdamedia |
||
| 338 |
_aWolumin _bnc _2rdacarrier |
||
| 380 | _aKsiążki | ||
| 380 | _aPublikacje dydaktyczne | ||
| 388 | _a1901-2000 | ||
| 388 | _a1945-1989 | ||
| 504 | _aBibliografia na stronach [645]-654. Indeks. | ||
| 546 | _aSpis treści także w języku angielskim i rosyjskim. | ||
| 648 | 7 |
_a1901-2000 _2DBN |
|
| 648 | 7 |
_a1945-1989 _2DBN |
|
| 650 | 7 |
_aEkonomia _2DBN |
|
| 650 | 7 |
_aMiędzynarodowe stosunki gospodarcze _2DBN |
|
| 655 | 7 |
_aPodręczniki akademickie _2DBN |
|
| 658 | _aGospodarka, ekonomia, finanse | ||
| 700 | 1 |
_aSierpiński, Witold _d(1927-2009) _eAutor |
|
| 700 | 1 |
_aSołdaczuk, Józef _d(1923-2006) _eAutor |
|
| 710 | 2 |
_aPaństwowe Wydawnictwo Ekonomiczne _4pbl |
|
| 856 |
_uhttp://koha.tu.koszalin.pl/cgi-bin/koha/opac-detail.pl?biblionumber=9325 _yKatalog online BPK |
||
| 942 |
_2UKD _cKS |
||
| 999 |
_c9325 _d9325 |
||